Os Deuses não dormem (Record no. 154131)

MARC details
000 -LÍDER
campo de controle de tamanho fixo 00349 a2200145 4500
001 - NÚMERO DE CONTROLE
campo de controle 154131
040 ## - FONTE DA CATALOGAÇÃO
Instituição que transcreveu o registro Escola São Tomás de Aquino
100 ## - ENTRADA PRINCIPAL--NOME PESSOAL
Nome pessoal GARCIA, Auxiliadora Magalhães
240 10 - TÍTULO UNIFORME
Título uniforme Os Deuses não dormem
Idioma da obra por
245 10 - TÍTULO
Título Os Deuses não dormem
300 ## - DESCRIÇÃO FÍSICA
Extensão 206
362 0# - DATAS DE PUBLICAÇÃO E/OU DESIGNAÇÃO SEQUENCIAL
Datas de publicação e/ou designação sequencial 1999
697 ## - ENTRADA DE ASSUNTO LOCAL--ENTIDADE COLETIVA (RLIN)
Nome corporativo ou nome da jurisdição LITERATURA BRASILEIRA
942 ## - ELEMENTOS DE ENTRADA ADICIONADOS (KOHA)
Tipo de material Koha Livros
Holdings
Situação do descarte Situação das perdas Situação física Não pode ser emprestado Biblioteca de origem Biblioteca atual Data de aquisição Total de empréstimos Número de chamada completo Código de barras Data de último acesso Data do preço efetivo Tipo de material Koha
        ESTA - SÃO BENTO ESTA - SÃO BENTO 30/04/2024   B869 GAR DEU EST00008197 30/04/2024 30/04/2024 Livros